00529nam a2200193 a 4500001001300000003000900013005001700022008004100039020002300080082001500103100002500118245004900143260003700192300000900229500003500238505002400273650001300297700002500310nice12345678IN_TiNIC20260116013715.0050524s1993 newa grp 000 0 eng  a8185990 c15000a294.5bTAL aTalageri, Shrikant G aAryan Invasion Theory and Indian Nationalism aNew DelhibVoice of India c1993 a408p aincludes index and biblioraphy2 aBibliography, Index aHinduism1 aTalageri, Shrikant G